[Event "ITA-ch U20"]
[Site "Tarvisio"]
[Date "2023.07.07"]
[Round "7"]
[White "Lo Presti, Giulio"]
[Black "Roma, Roberto"]
[Result "1-0"]
[WhiteElo "2033"]
[BlackElo "1759"]
[PlyCount "61"]
[EventDate "2023.07.02"]
[EventType "swiss"]
[EventRounds "9"]
[EventCountry "ITA"]
[SourceTitle "EXT 2024"]
[Source "ChessBase"]
[SourceDate "2023.10.10"]
[SourceVersion "1"]
[SourceVersionDate "2023.10.10"]
[SourceQuality "1"]

1. e4 c5 2. Nf3 e6 3. g3 Nc6 4. Bg2 Nf6 5. Qe2 d5 6. d3 Be7 7. 0-0 0-0 8. e5 Nd7 9. c4 f6 10. exf6 Nxf6 11. Nc3 d4 12. Ne4 e5 13. Nfd2 Qc7 14. Nxf6+ Bxf6 15. Ne4 b6 16. h4 Bf5 17. g4 Bxe4 18. Qxe4 Rac8 19. g5 Be7 20. Bh3 Rcd8 21. h5 Qd6 22. Bf5 h6 23. gxh6 gxh6 24. f4 Bf6 25. Kh2 exf4 26. Rg1+ Kh8 27. Rg6 Qe5 28. Rxh6+ Kg8 29. Be6+ Rf7 30. Qg6+ Kf8 31. Qxf7# 1-0

[Event "ITA-ch U20"]
[Site "Tarvisio"]
[Date "2023.07.04"]
[Round "3"]
[White "Verga, Francesco"]
[Black "Roma, Roberto"]
[Result "1/2-1/2"]
[WhiteElo "1948"]
[BlackElo "1759"]
[PlyCount "95"]
[EventDate "2023.07.02"]
[EventType "swiss"]
[EventRounds "9"]
[EventCountry "ITA"]
[SourceTitle "EXT 2024"]
[Source "ChessBase"]
[SourceDate "2023.10.10"]
[SourceVersion "1"]
[SourceVersionDate "2023.10.10"]
[SourceQuality "1"]

1. e4 c5 2. Nf3 e6 3. d4 cxd4 4. Nxd4 Nf6 5. Nc3 Nc6 6. Ndb5 d6 7. Bf4 e5 8. Bg5 a6 9. Na3 b5 10. Nd5 Be7 11. Bxf6 Bxf6 12. c3 0-0 13. Nc2 Bg5 14. a4 bxa4 15. Rxa4 a5 16. b3 Rb8 17. Bc4 Kh8 18. h4 Bh6 19. g3 f5 20. exf5 Bxf5 21. Nce3 Be6 22. Ng4 Bxg4 23. Qxg4 Ra8 24. 0-0 Ne7 25. Rfa1 Nxd5 26. Bxd5 Rc8 27. Rxa5 Qf6 28. Qxc8 Qxf2+ 29. Kh1 Rxc8 30. Ra8 Qf8 31. Rxc8 Qxc8 32. Ra8 Qxa8 33. Bxa8 Bd2 34. c4 Kg8 35. Kg2 h5 36. Bf3 g6 37. g4 hxg4 38. Bd5+ Kg7 39. Kg3 Kf6 40. Kxg4 Be1 41. Be4 Bb4 42. h5 gxh5+ 43. Kxh5 Ke7 44. Kg6 Kd8 45. Kf7 Kc7 46. Ke6 Kb6 47. Kd5 Ba3 48. Bg6 1/2-1/2